000 00427nam a22001457a 4500
082 _aP-633
100 _aMuhammad haroon saleem
_950814
245 _aComprising of flexural strength of reinforced concrete beam using CFRP and steel jacketing
260 _aRisalpur,
_bMCE,
_c2015.
300 _a76p.
526 _a0
_b0
_c0
_dP_633
526 _a0
_b0
_c0
_dP_633
700 _aAsst Prof Muhammad Iqbal
_950815
942 _2ddc
_cBK
999 _c553556
_d553556